| 000 | 00402cam a2200157ua 4500 | ||
|---|---|---|---|
| 041 |
_aeng _h |
||
| 082 |
_a828.09 _bHAL/SH |
||
| 100 | _aHalliday, F E . | ||
| 245 |
_aShakespeare companion 1564-1964 / _cF E Halliday. _hTextual Documents |
||
| 250 |
_a1 / _b. |
||
| 260 |
_aLondon : _bGerald Duck worth and co. ltd , _c1964. |
||
| 300 | _a569 ; . | ||
| 504 | _a | ||
| 942 | _cBK | ||
| 999 |
_c4022 _d4022 |
||